Villes célèbres de France par déscription - Statistiques

Statistiques générales
  • Ce quiz a été pris 157 fois
  • Le résultat moyen est 11 sur 17
Statistiques - réponses
Déscription Ville % Correct
Réputée pour son Festival international du film Cannes
93%
Commune audoise connue pour sa cité médiévale fortifiée et le cassoulet Carcassonne
82%
Célèbre pour son eau minérale, située en Haute-Savoie Évian-les-Bains
81%
Non loin de Bayonne, ville connue pour ses plages et le surf Biarritz
79%
Connue pour ses falaises spectaculaires et ses arches naturelles, située en Normandie Étretat
78%
Commune du Var connue pour ses plages, son port de plaisance et son ambiance jet-set Saint-Tropez
74%
Dernière commune de France avant l'Italie, réputée pour ses citrons et la fête du citron Menton
68%
Commune située dans la Manche en Normandie. Elle est située sur un îlot rocheux et est célébre pour son abbaye qui la surplombe Mont-Saint-Michel
68%
Commune du 74 populaire pour le ski et l'alpinisme, au pied du Mont Blanc Chamonix
65%
Village de 129 habitants, célèbre en tant que berceau du fromage dont il est l'éponyme Camembert
62%
Réputée pour son fromage bleu Roquefort-sur-Soulzon
59%
Située en Haute-Vienne, le nom de cette commune reste attaché au massacre de sa population par la division SS Das Reich le 10 juin 1944 Oradour-sur-Glane
56%
La "capitale" mondiale du parfum Grasse
53%
Commune aveyronnaise célèbre pour ses couteaux de haute qualité Laguiole
47%
Ville charentaise connue pour son eau-de-vie Cognac
41%
Commune Girondine, célèbre pour ses grands crus au cœur du pays du Libournais Saint-Emilion
36%
Ville du Grand-Est célèbre pour ses plaques d’égout retrouvables partout dans le monde, qui ne représentent pourtant qu’une petite partie de sa production. Pont-à-Mousson
30%
Aucun quiz correspondant
Distribution des résultats
% des personnes avec chaque résultat
Percentile par nombre de réponses
Votre historique - résultats
Vous n’avez pas pris ce quiz